Every 1,000+ US City of the Trans-Missisippi after Closure of the Frontier - Statistics

General Stats
  • This quiz has been taken 158 times
  • The average score is 142 of 942
Answers on the Map
Answers color-coded by a green-red scale on the quiz's map according to % correct below.
 
Answer Stats
Population State or
Territory
City % Correct
50,395 CA Los Angeles
91%
42,837 WA Seattle
90%
298,997 CA San Francisco
89%
106,713 CO Denver
87%
451,770 MO St. Louis
87%
46,385 OR Portland
85%
44,843 UT Salt Lake City
85%
16,159 CA San Diego
85%
1,877 TX San Diego
85%
38,067 TX Dallas
83%
10,338 TX El Paso
82%
27,557 TX Houston
82%
3,563 NV Reno
82%
14,575 TX Austin
80%
3,901 MN Austin
80%
1,215 NV Austin
80%
25,874 AR Little Rock
80%
3,152 AZ Phoenix
80%
37,673 TX San Antonio
79%
164,738 MN Minneapolis
78%
1,756 KS Minneapolis
78%
26,386 CA Sacramento
78%
19,922 WA Spokane
78%
132,716 MO Kansas City
77%
38,316 KS Kansas City
77%
18,060 CA San Jose
77%
2,311 ID Boise
76%
23,076 TX Fort Worth
76%
55,154 NE Lincoln
76%
11,690 WY Cheyenne
75%
4,151 OK Oklahoma City
75%
140,452 NE Omaha
75%
5,150 AZ Tucson
75%
50,093 IA Des Moines
74%
10,818 CA Fresno
74%
2,186 ND Bismarck
71%
3,950 NV Carson City
71%
11,140 CO Colorado Springs
71%
6,185 NM Santa Fe
71%
23,853 KS Wichita
71%
3,785 NM Albuquerque
70%
5,664 ND Fargo
70%
1,253 AK Juneau
70%
1,733 NM Old Albuquerque
70%
3,422 OR Salem
70%
1,315 MO Salem
70%
10,177 SD Sioux Falls
69%
29,084 TX Galveston
68%
13,834 MT Helena
68%
5,189 AR Helena
68%
3,072 TX Jefferson
68%
1,875 IA Jefferson
68%
1,097 KS Osage Mission
68%
1,263 NE St. Paul
68%
48,682 CA Oakland
67%
4,698 WA Olympia
66%
31,007 KS Topeka
64%
21,850 MO Springfield
62%
36,006 WA Tacoma
62%
4,387 TX Corpus Christi
61%
11,979 LA Shreveport
61%
2,177 OR Eugene
60%
37,806 IA Sioux City
60%
2,626 CA Bakersfield
59%
3,330 CO Boulder
59%
14,424 CA Stockton
59%
11,319 TX Laredo
57%
3,235 SD Pierre
57%
5,159 UT Provo
57%
4,858 CA Eureka
55%
2,259 KS Eureka
55%
1,733 UT Eureka
55%
1,609 NV Eureka
55%
6,742 MO Jefferson City
55%
4,012 CA San Bernardino
55%
1,377 UT St. George
55%
3,545 WA Vancouver
55%
1,273 CA Anaheim
54%
6,134 TX Brownsville
53%
14,889 UT Ogden
53%
4,683 CA Riverside
53%
2,340 NM Las Cruces
52%
1,773 AZ Yuma
52%
24,558 CO Pueblo
51%
7,016 IA Iowa City
49%
2,106 LA Lafayette
49%
14,445 TX Waco
49%
18,020 IA Cedar Rapids
48%
1,531 CA Jackson
48%
3,628 CA Santa Ana
48%
10,723 MT Butte
47%
26,872 IA Davenport
47%
2,247 MO Fayette
47%
1,062 IA Fayette
47%
5,864 CA Santa Barbara
47%
5,321 MN Rochester
46%
5,101 CA Berkeley
45%
2,143 MT Bozeman
45%
2,942 AR Fayetteville
45%
2,011 CO Fort Collins
45%
3,235 IA Washington
45%
2,725 MO Washington
45%
1,613 KS Washington
45%
1,064 LA Washington
45%
3,426 MT Missoula
44%
3,256 LA Monroe
44%
1,662 CA Monterey
44%
1,535 WA North Yakima
44%
6,388 WY Laramie
43%
2,128 SD Rapid City
43%
1,190 AK Sitka
43%
3,528 AR Texarkana
43%
2,852 TX Texarkana
43%
3,482 MO Aurora
41%
1,862 NE Aurora
41%
2,030 CO Grand Junction
41%
1,580 CA Santa Monica
41%
5,108 CO Aspen
40%
7,686 MN St. Cloud
40%
4,000 MO Columbia
39%
2,402 CA Modesto
39%
1,639 ID Pocatello
39%
4,979 ND Grand Forks
38%
6,380 MO Independence
38%
3,163 IA Independence
38%
3,127 KS Independence
38%
2,891 CA Santa Clara
38%
1,433 CA Santa Maria
38%
5,220 CA Santa Rosa
38%
52,324 MO St. Joseph
38%
3,547 KS Abilene
37%
3,194 TX Abilene
37%
1,821 CA Redding
37%
4,709 WA Walla Walla
37%
4,059 WA Whatcom
37%
1,276 IA Ames
36%
3,296 TX Beaumont
36%
9,997 KS Lawrence
36%
6,908 TX Tyler
36%
30,311 IA Dubuque
34%
6,747 NE Fremont
34%
1,272 MO Odessa
34%
3,182 SD Aberdeen
33%
1,638 WA Aberdeen
33%
1,763 KS Dodge City
33%
11,311 AR Fort Smith
33%
3,979 MT Great Falls
33%
1,736 SD Madison
33%
4,395 CA Napa
33%
4,565 UT Logan
32%
1,987 TX Wichita Falls
32%
6,184 OR Astoria
31%
3,004 KS Manhattan
31%
4,882 CA Pasadena
31%
1,752 UT Beaver
30%
7,536 NE Grand Island
30%
9,943 MO Joplin
30%
3,442 LA Lake Charles
30%
8,254 TX Paris
30%
1,487 MO Paris
30%
5,596 CA Santa Cruz
30%
2,861 LA Alexandria
29%
2,118 MN Alexandria
29%
1,139 ID Moscow
29%
1,194 AZ Nogales
29%
3,046 TX Victoria
29%
1,677 AR Bentonville
28%
3,134 NE Columbus
28%
2,199 TX Columbus
28%
2,160 KS Columbus
28%
2,065 AR Jonesboro
28%
2,995 CA San Luis Obispo
28%
6,674 IA Waterloo
28%
2,894 CA Chico
26%
2,558 TX Denton
26%
2,447 TX Georgetown
26%
1,927 CO Georgetown
26%
1,271 UT West Jordan
26%
2,395 CO Greeley
25%
8,086 AR Hot Springs
25%
1,423 SD Hot Springs
25%
3,173 TX Orange
25%
2,885 CA Visalia
25%
3,079 OR Albany
24%
1,334 MO Albany
24%
1,527 OR Corvallis
24%
21,474 IA Council Bluffs
24%
2,385 NM Las Vegas
24%
1,759 AZ Prescott
24%
1,287 AR Prescott
24%
2,895 MO Richmond
24%
1,232 UT Richmond
24%
1,438 TX Round Rock
24%
6,149 KS Salina
24%
18,208 MN Winona
24%
2,541 TX Hillsboro
23%
1,246 OR Hillsboro
23%
3,294 KS Olathe
23%
9,952 AR Pine Bluff
23%
4,008 MO Rich Hill
23%
1,170 CA San Mateo
23%
4,297 MO Cape Girardeau
22%
2,000 TX Eagle Pass
22%
1,608 TX New Braunfels
22%
3,406 WY Rock Springs
22%
2,339 CA Salinas
22%
6,161 MO St. Charles
22%
1,178 MN St. Charles
22%
2,584 TX Taylor
22%
8,511 NV Virginia City
22%
1,207 AR Conway
21%
2,726 CO Durango
21%
13,584 NE Hastings
21%
3,705 MN Hastings
21%
8,838 MN Mankato
21%
3,062 OR Oregon City
21%
2,615 TX San Angelo
21%
7,335 TX Sherman
21%
6,343 CA Vallejo
21%
2,320 CA Ventura
21%
3,405 NE York
21%
11,165 CA Alameda
20%
22,565 IA Burlington
20%
2,239 KS Burlington
20%
1,980 TX Del Rio
20%
2,127 LA Franklin
20%
2,034 TX Longview
20%
2,489 TX McKinney
20%
1,571 AR Newport
20%
3,055 NE North Platte
20%
2,335 TX San Marcos
20%
19,768 KS Leavenworth
18%
2,009 CA Merced
18%
2,217 SD Mitchell
18%
3,029 OR The Dalles
18%
1,875 AZ Tombstone
18%
1,100 CA Yreka
18%
3,975 MT Anaconda
17%
2,366 SD Deadwood
17%
1,995 WY Evanston
17%
1,394 MO Farmington
17%
1,036 UT Farmington
17%
1,002 IA Farmington
17%
7,207 TX Marshall
17%
4,297 MO Marshall
17%
1,203 MN Marshall
17%
1,137 TX Mason
17%
2,088 MN Moorhead
17%
3,038 NE Norfolk
17%
1,265 AR Rogers
17%
2,214 UT Spanish Fork
17%
2,697 CA Tulare
17%
1,037 NV Winnemucca
17%
1,641 MO Hamilton
16%
1,369 MO Lee's Summit
16%
1,907 UT Lehi
16%
4,537 MO Lexington
16%
1,392 NE Lexington
16%
4,037 MO Marysville
16%
3,991 CA Marysville
16%
1,913 KS Marysville
16%
1,489 MT Marysville
16%
1,259 IA Mount Vernon
16%
11,494 NE Nebraska City
16%
3,671 MN St. Peter
16%
4,047 TX Temple
16%
1,035 TX Athens
15%
1,518 SD Brookings
15%
1,087 WY Buffalo
15%
1,381 MO Charleston
15%
1,208 NM Gallup
15%
2,383 CO Golden
15%
1,432 OR Grants Pass
15%
12,857 MO Hannibal
15%
1,438 AR Harrison
15%
1,419 CA Hayward
15%
2,296 ND Jamestown
15%
8,074 NE Kearney
15%
1,543 CO Longmont
15%
7,262 MO Nevada
15%
1,662 IA Nevada
15%
6,697 KS Pittsburg
15%
1,203 TX Pittsburg
15%
2,979 TX Bryan
14%
2,480 CO Central City
14%
1,368 NE Central City
14%
3,441 IA Cherokee
14%
1,087 KS Cherokee
14%
10,958 TX Denison
14%
1,782 IA Denison
14%
2,025 TX Dublin
14%
1,536 TX Henderson
14%
1,280 LA Houma
14%
3,038 SD Huron
14%
2,581 SD Lead
14%
10,384 CO Leadville
14%
2,344 IA Manchester
14%
1,461 OR Marshfield
14%
5,605 KS Newton
14%
2,564 IA Newton
14%
1,350 CA Truckee
14%
2,672 SD Watertown
14%
3,670 SD Yankton
14%
1,942 UT American Fork
13%
3,459 IA Cedar Falls
13%
13,619 IA Clinton
13%
4,737 MO Clinton
13%
3,391 IA Fairfield
13%
1,233 NE Fairfield
13%
1,490 KS Garden City
13%
1,694 CA Gilroy
13%
1,781 MO Glasgow
13%
1,634 IA Hamburg
13%
4,007 IA Mason City
13%
3,634 CA Pomona
13%
1,572 CA Redwood City
13%
1,592 MO Rolla
13%
5,523 CO Trinidad
13%
1,265 TX Uvalde
13%
1,343 KS Augusta
11%
2,604 OR Baker City
11%
1,140 OK Chandler
11%
4,871 IA Fort Dodge
11%
1,053 KS Frankfort
11%
4,330 TX Greenville
11%
1,242 KS Hays
11%
1,836 MO Huntsville
11%
1,509 TX Huntsville
11%
1,158 UT Huntsville
11%
1,391 CA Livermore
11%
1,037 TX Meridian
11%
1,353 CA National City
11%
2,524 CA Nevada City
11%
1,715 WY Newcastle
11%
3,447 LA New Iberia
11%
14,001 IA Ottumwa
11%
1,690 CA Placerville
11%
1,879 CA San Leandro
11%
3,290 CA San Rafael
11%
3,305 MN Albert Lea
10%
1,595 CA Auburn
10%
1,537 NE Auburn
10%
1,563 WA Blaine
10%
2,026 WA Centralia
10%
1,275 MO Centralia
10%
1,577 IA Eldora
10%
1,486 AZ Florence
10%
1,229 KS Florence
10%
1,532 TX Fredericksburg
10%
8,682 KS Hutchinson
10%
1,414 MN Hutchinson
10%
14,101 IA Keokuk
10%
1,015 CA Lompoc
10%
4,789 MO Mexico
10%
11,454 IA Muscatine
10%
1,200 -- Muskogee
10%
1,138 TX Nacogdoches
10%
1,193 MO New Madrid
10%
2,506 OR Pendleton
10%
2,511 MO Pierce City
10%
4,558 WA Port Townsend
10%
1,056 CA Rocklin
10%
2,102 NM Silver City
10%
8,317 KS Arkansas City
9%
13,963 KS Atchison
9%
1,309 WA Chehalis
9%
1,788 CO Colorado City
9%
1,582 TX Colorado City
9%
3,339 KS El Dorado
9%
7,551 KS Emporia
9%
2,067 IA Hampton
9%
1,626 TX La Grange
9%
1,250 MO La Grange
9%
1,780 MO Memphis
9%
1,330 CO Montrose
9%
3,741 MN New Ulm
9%
1,184 MO Pacific
9%
2,850 UT Park City
9%
3,692 CA Petaluma
9%
1,732 WA Puyallup
9%
2,235 WY Rawlins
9%
6,294 MN Red Wing
9%
1,836 IA Toledo
9%
2,291 AR Van Buren
9%
2,149 CA Watsonville
9%
1,784 OR Ashland
8%
1,601 NE Ashland
8%
2,139 UT Brigham City
8%
1,202 IA Brooklyn
8%
2,825 CO Cañon City
8%
7,981 MO Carthage
8%
1,746 TX Decatur
8%
1,510 MN Detroit Lakes
8%
2,768 WA Ellensburg
8%
1,796 IA Iowa Falls
8%
1,233 MN Jordan
8%
1,013 CA Lodi
8%
1,328 ND Mandan
8%
3,997 IA Mount Pleasant
8%
2,254 UT Mount Pleasant
8%
1,820 LA Natchitoches
8%
1,472 OR Roseburg
8%
1,203 AR Searcy
8%
1,400 MN Tracy
8%
1,496 SD Vermillion
8%
3,076 TX Waxahachie
8%
3,069 CA Woodland
8%
2,455 AR Arkadelphia
7%
1,764 TX Atlanta
7%
1,643 IA Bedford
7%
6,520 IA Boone
7%
1,650 UT Bountiful
7%
1,317 CO Buena Vista
7%
2,448 IA Carroll
7%
3,878 MO Carrollton
7%
1,880 WA Dayton
7%
1,463 MT Deer Lodge
7%
1,136 NM Deming
7%
6,520 MN Faribault
7%
6,594 TX Gainesville
7%
1,234 CA Hollister
7%
1,338 CO Idaho Springs
7%
2,583 OR La Grande
7%
2,558 MO Liberty
7%
1,079 IA Lisbon
7%
2,850 MT Livingston
7%
5,090 MO Louisiana
7%
8,914 IA Marshalltown
7%
1,234 MO Milan
7%
1,086 MN Montgomery
7%
1,266 MN Morris
7%
2,034 UT Nephi
7%
3,849 MN Owatonna
7%
5,838 TX Palestine
7%
2,608 CA Red Bluff
7%
1,904 CA Redlands
7%
1,069 TX Rockport
7%
1,572 KS Scranton
7%
14,068 MO Sedalia
7%
1,150 CA Selma
7%
2,295 NM Socorro
7%
1,441 CA Sonora
7%
1,008 UT Tooele
7%
1,627 CA Ukiah
7%
2,857 TX Vernon
7%
2,487 MN Wabasha
7%
1,134 MO Weston
7%
2,100 -- Ardmore
6%
1,535 AZ Bisbee
6%
1,067 CO Black Hawk
6%
1,569 MN Blue Earth
6%
1,564 MO Bowling Green
6%
1,772 MO California
6%
2,571 AR Camden
6%
2,241 MO Canton
6%
1,101 SD Canton
6%
1,226 TX Comanche
6%
1,445 TX Crockett
6%
3,457 MN Crookston
6%
10,532 OR East Portland
6%
1,917 UT Ephraim
6%
7,901 IA Fort Madison
6%
1,641 TX Gonzales
6%
1,937 AR Hope
6%
1,361 KS Humboldt
6%
1,114 NE Humboldt
6%
1,075 IA Humboldt
6%
2,128 MN Lake City
6%
1,160 IA Lake City
6%
2,860 MO Lamar
6%
2,408 TX Lampasas
6%
2,218 MO Lebanon
6%
3,371 MO Macon
6%
3,094 IA Marion
6%
2,047 KS Marion
6%
2,291 LA Morgan City
6%
1,240 IA Nashua
6%
1,787 CA Oroville
6%
1,414 LA Patterson
6%
1,139 KS Pleasanton
6%
1,255 NM Raton
6%
1,531 UT Richfield
6%
1,010 IA Rockford
6%
1,321 AR Russellville
6%
1,672 MO Salisbury
6%
1,240 CA San Pedro
6%
1,288 MO Savannah
6%
1,083 SD Scotland
6%
2,849 UT Springville
6%
1,586 MO Ste. Genevieve
6%
1,705 CA St. Helena
6%
1,174 KS St. Marys
6%
1,614 NE Superior
6%
2,078 LA Thibodaux
6%
5,039 MO Trenton
6%
2,829 IA Webster
6%
1,239 TX Wharton
6%
1,427 MO Windsor
6%
1,131 WA Anacortes
5%
4,351 IA Atlantic
5%
13,836 NE Beatrice
5%
1,311 TX Beeville
5%
2,361 CA Benicia
5%
5,209 TX Brenham
5%
1,647 NE Broken Bow
5%
2,210 MN Chaska
5%
1,130 IA Clear Lake
5%
6,285 TX Corsicana
5%
1,012 MT Dillon
5%
1,082 CA Dixon
5%
1,456 MO Edina
5%
3,772 MN Fergus Falls
5%
11,946 KS Fort Scott
5%
4,314 MO Fulton
5%
1,489 MO Gallatin
5%
1,580 NE Geneva
5%
1,890 IA Glenwood
5%
4,032 CA Grass Valley
5%
1,105 CO Gunnison
5%
2,788 OK Guthrie
5%
1,132 LA Homer
5%
4,502 KS Junction City
5%
1,044 TX Kerrville
5%
3,510 MO Kirksville
5%
1,777 MO Kirkwood
5%
1,652 CA Los Gatos
5%
1,486 AR Magnolia
5%
1,600 CA Martinez
5%
1,368 OR McMinnville
5%
1,062 IA Montezuma
5%
1,174 ID Montpelier
5%
1,572 LA Opelousas
5%
2,187 MO Poplar Bluff
5%
1,968 TX Rio Grande City
5%
1,334 CA Sausalito
5%
2,032 KS Seneca
5%
1,101 MO Seneca
5%
1,154 CO Silverton
5%
1,080 UT Smithfield
5%
3,038 TX Sulphur Springs
5%
1,089 ND Valley City
5%
1,510 ND Wahpeton
5%
2,482 MN Waseca
5%
3,369 TX Weatherford
5%
1,208 MN Wells
5%
1,596 MN West Saint Paul
5%
1,528 TX Ysleta
5%
1,013 CA Alturas
3%
1,634 TX Bastrop
3%
3,000 TX Belton
3%
1,158 TX Big Spring
3%
3,361 TX Bonham
3%
4,141 MO Boonville
3%
1,486 TX Bowie
3%
2,176 TX Brownwood
3%
1,472 KS Burlingame
3%
1,642 KS Caldwell
3%
1,250 TX Caldwell
3%
2,917 MO Cameron
3%
1,608 TX Cameron
3%
1,078 MN Cannon Falls
3%
1,140 WY Carbon
3%
2,884 MO Carterville
3%
1,588 TX Clarksville
3%
1,186 MO Clarksville
3%
3,278 TX Cleburne
3%
1,649 WA Colfax
3%
3,184 KS Concordia
3%
1,074 MN Crystal
3%
3,960 MO De Soto
3%
2,171 TX Ennis
3%
1,176 KS Erie
3%
3,706 AR Eureka Springs
3%
1,205 MN Fairmont
3%
1,029 NE Fairmont
3%
2,496 KS Galena
3%
1,375 TX Gatesville
3%
3,332 LA Gretna
3%
1,073 ID Hailey
3%
1,076 NE Harvard
3%
5,161 CO Highland
3%
1,302 WA Hoquiam
3%
1,282 TX Kaufman
3%
2,632 IA Knoxville
3%
1,439 CO La Junta
3%
4,036 IA Le Mars
3%
1,422 IA Leon
3%
1,763 MN Le Sueur
3%
1,233 TX Lockhart
3%
1,792 TX Luling
3%
1,466 MN Luverne
3%
1,520 AR Malvern
3%
1,003 IA Malvern
3%
3,000 -- McAlester
3%
1,193 MO Mound City
3%
2,997 TX Navasota
3%
2,198 MO Neosho
3%
2,659 MN Northfield
3%
1,074 KS Norton
3%
1,012 CA Oakdale
3%
1,913 IA Osage
3%
2,574 KS Oswego
3%
6,248 KS Ottawa
3%
2,534 CO Ouray
3%
1,336 CA Pacific Grove
3%
1,666 AR Paragould
3%
2,408 IA Pella
3%
1,232 MN Pipestone
3%
8,392 NE Plattsmouth
3%
1,100 CA Port Hueneme
3%
1,410 MO Princeton
3%
3,321 IA Red Oak
3%
1,238 MN Redwood Falls
3%
1,505 TX Rockdale
3%
2,586 CO Salida
3%
1,047 CA Santa Paula
3%
1,716 TX Seguin
3%
2,108 NE Seward
3%
1,757 MN Shakopee
3%
1,090 IA Sibley
3%
1,993 WA Snohomish
3%
2,242 MN South Saint Paul
3%
1,813 IA Spencer
3%
1,381 MN Spring Valley
3%
1,641 KS Sterling
3%
1,682 IA Storm Lake
3%
1,351 CA Sutter Creek
3%
1,541 NE Sutton
3%
1,654 NE Tecumseh
3%
1,375 OK Tecumseh
3%
2,988 TX Terrell
3%
2,865 IA Vinton
3%
2,346 IA Waverly
3%
1,178 NE Wayne
3%
1,825 MN Willmar
3%
1,176 CA Willows
3%
1,125 KS Alma
2%
1,173 WA Ballard
2%
2,150 AR Batesville
2%
1,248 KS Baxter Springs
2%
2,623 IA Belle Plaine
2%
1,868 KS Belleville
2%
1,174 MO Belleville
2%
3,317 CO Bessemer
2%
1,105 MO Bethany
2%
1,913 IA Bloomfield
2%
1,485 MO Bolivar
2%
1,649 TX Brackettville
2%
1,454 TX Burnet
2%
2,812 MO Butler
2%
2,170 -- Caddo
2%
2,632 TX Calvert
2%
3,668 IA Centerville
2%
1,867 NE Chadron
2%
2,802 IA Charles City
2%
1,335 MN Chatfield
2%
5,717 MO Chillicothe
2%
1,063 TX Cisco
2%
2,282 KS Coffeyville
2%
1,336 CA Colusa
2%
7,200 IA Creston
2%
2,310 NE Crete
2%
2,442 TX Cuero
2%
1,359 IA DeWitt
2%
1,543 MO El Dorado Springs
2%
1,304 TX Flatonia
2%
1,021 AR Forrest City
2%
1,203 TX Giddings
2%
1,649 MN Glencoe
2%
1,400 MO Granby
2%
1,310 MT Granite
2%
2,450 KS Great Bend
2%
1,048 IA Greenfield
2%
3,332 IA Grinnell
2%
1,011 TX Hallettsville
2%
1,579 KS Harper
2%
1,645 MO Harrisonville
2%
1,538 UT Heber City
2%
1,671 TX Hempstead
2%
2,100 TX Henrietta
2%
2,254 IA Indianola
2%
1,134 OK Kingfisher
2%
1,668 IA Lansing
2%
1,468 KS Lansing
2%
1,082 MO Lathrop
2%
1,899 MN Litchfield
2%
5,799 IA Lyons
2%
1,754 KS Lyons
2%
1,439 CO Manitou Springs
2%
1,233 IA Manning
2%
1,950 UT Manti
2%
3,077 IA Maquoketa
2%
2,058 TX Marlin
2%
2,346 NE McCook
2%
3,172 KS McPherson
2%
8,215 MO Moberly
2%
1,938 IA Monticello
2%
1,285 AR Monticello
2%
2,662 KS Osawatomie
2%
2,120 IA Osceola
2%
6,558 IA Oskaloosa
2%
2,515 MO Palmyra
2%
1,119 WA Palouse
2%
1,015 UT Panguitch
2%
6,736 KS Parsons
2%
2,135 UT Payson
2%
2,880 IA Perry
2%
3,222 LA Plaquemine
2%
1,009 NE Ponca
2%
1,383 TX Rusk
2%
1,397 TX San Elizario
2%
1,125 TX Seymour
2%
1,058 IA Seymour
2%
1,478 IA Sheldon
2%
1,237 NE Sidney
2%
1,491 CO South Denver
2%
8,062 NE South Omaha
2%
1,689 WA Sprague
2%
1,044 UT Spring City
2%
1,165 AR Stuttgart
2%
1,118 MO Unionville
2%
4,706 MO Warrensburg
2%
5,043 MO Webb City
2%
1,443 TX Weimar
2%
4,391 KS Wellington
2%
1,138 MO Wellsville
2%
1,045 UT Wellsville
2%
2,091 MO West Plains
2%
5,184 KS Winfield
2%
1,108 MN Winnebago
2%
1,164 MN Worthington
2%
1,745 TX Yoakum
2%
1,286 IA Ackley
1%
1,045 IA Afton
1%
2,359 IA Albia
1%
2,068 IA Algona
1%
1,543 TX Alvarado
1%
2,078 IA Anamosa
1%
1,806 KS Anthony
1%
1,081 MO Appleton City
1%
1,350 MO Ash Grove
1%
1,310 IA Audubon
1%
1,390 TX Ballinger
1%
1,069 MN Barnesville
1%
2,455 KS Beloit
1%
1,424 TX Benavides
1%
2,069 NE Blair
1%
3,719 MO Bonne Terre
1%
1,510 AR Brinkley
1%
4,547 MO Brookfield
1%
1,748 MO Brunswick
1%
2,826 KS Chanute
1%
3,122 IA Chariton
1%
2,104 KS Cherryvale
1%
2,265 KS Chetopa
1%
1,078 MO Clarence
1%
1,060 AR Clarendon
1%
3,262 IA Clarinda
1%
2,802 KS Clay Center
1%
1,137 KS Clyde
1%
1,166 UT Coalville
1%
1,016 TX Colmesneil
1%
1,315 CA Colton
1%
1,145 MO Corder
1%
1,682 IA Corning
1%
2,211 KS Council Grove
1%
2,018 IA Cresco
1%
1,104 MO Crystal City
1%
1,456 AR Dardanelle
1%
2,028 NE David City
1%
2,801 IA Decorah
1%
1,102 MO Deepwater
1%
3,121 LA Donaldsonville
1%
1,022 CA Downieville
1%
1,088 IA Dunlap
1%
1,272 IA Dyersville
1%
1,881 IA Eagle Grove
1%
1,105 NE Edgar
1%
1,725 IA Eldon
1%
1,209 SD Elk Point
1%
1,620 KS Ellsworth
1%
1,584 IA Emmetsburg
1%
1,475 IA Estherville
1%
2,034 MO Excelsior Springs
1%
2,630 NE Fairbury
1%
4,076 WA Fairhaven
1%
2,102 NE Falls City
1%
1,093 TX Farmersville
1%
1,335 MO Festus
1%
1,515 KS Fredonia
1%
1,347 NE Friend
1%
2,191 KS Garnett
1%
2,541 KS Girard
1%
1,066 TX Goldthwaite
1%
1,594 ND Grafton
1%
1,164 TX Granbury
1%
1,186 MO Grant City
1%
1,076 TX Groveton
1%
1,161 IA Grundy Center
1%
1,037 IA Guthrie Center
1%
1,160 IA Guttenberg
1%
1,071 KS Halstead
1%
1,765 IA Harlan
1%
1,485 CA Healdsburg
1%
1,502 NE Hebron
1%
1,353 KS Herington
1%
1,410 MO Hermann
1%
2,486 KS Hiawatha
1%
1,093 MO Higbee
1%
2,342 MO Higginsville
1%
2,520 MO Holden
1%
2,601 NE Holdrege
1%
2,727 KS Holton
1%
1,828 TX Honey Grove
1%
3,316 KS Horton
1%
1,015 KS Howard
1%
1,423 UT Hyrum
1%
1,563 IA Ida Grove
1%
1,706 KS Iola
1%
1,101 MO Iron Mountain
1%
1,309 LA Jeanerette
1%
1,425 MO Kahoka
1%
1,123 AK Karluk
1%
2,390 KS Kingman
1%
1,135 KS La Cygne
1%
1,140 NM Laguna
1%
1,169 MO La Plata
1%
1,052 IA La Porte City
1%
1,861 KS Larned
1%
1,600 -- Lehigh
1%
1,320 IA Lucas
1%
1,977 MO Marceline
1%
1,710 IA Marengo
1%
1,126 AR Marianna
1%
1,159 MO Marionville
1%
1,160 IA McGregor
1%
1,095 KS Medicine Lodge
1%
1,389 NM Mesilla
1%
1,674 TX Mexia
1%
1,207 SD Milbank
1%
1,380 NE Minden
1%
1,298 LA Minden
1%
1,333 TX Mineola
1%
2,797 IA Missouri Valley
1%
1,699 MO Monett
1%
1,830 MO Monroe City
1%
1,632 WA Montesano
1%
1,437 MN Montevideo
1%
2,199 MO Montgomery City
1%
1,644 AR Morrilton
1%
1,265 IA Mount Ayr
1%
1,209 NE Neligh
1%
1,528 KS Neodesha
1%
1,314 IA New Hampton
1%
1,026 IA New Sharon
1%
1,662 KS Nickerson
1%
1,005 MO Norborne
1%
1,122 IA Odebolt
1%
1,358 IA Onawa
1%
1,226 NE O'Neill
1%
1,246 IA Orange City
1%
1,208 NE Ord
1%
3,469 KS Osage City
1%
1,174 KS Osborne
1%
2,943 KS Paola
1%
1,550 NE Pawnee City
1%
1,474 KS Peabody
1%
1,090 TX Pilot Point
1%
1,634 MO Plattsburg
1%
1,926 UT Pleasant Grove
1%
2,317 MO Pleasant Hill
1%
1,418 KS Pratt
1%
1,477 TX Quanah
1%
1,839 NE Red Cloud
1%
1,134 CO Rico
1%
1,394 IA Rock Rapids
1%
1,368 KS Sabetha
1%
1,249 IA Sac City
1%
1,075 IA Sanborn
1%
1,172 MO Sarcoxie
1%
2,160 NE Schuyler
1%
1,691 MO Shelbina
1%
2,440 IA Shenandoah
1%
1,523 IA Sigourney
1%
2,400 MO Slater
1%
1,513 MN Sleepy Eye
1%
2,035 MO Stanberry
1%
1,814 LA St. Martinville
1%
1,362 NE Stromsburg
1%
2,052 IA Stuart
1%
1,137 MO Sweet Springs
1%
1,741 IA Tama
1%
1,156 MO Tarkio
1%
1,244 NE Tekamah
1%
1,143 MO Thayer
1%
1,599 IA Tipton
1%
1,253 MO Tipton
1%
1,014 IA Traer
1%
1,156 NV Tuscarora
1%
1,180 KS Valley Falls
1%
1,744 IA Villisca
1%
2,006 NE Wahoo
1%
1,473 KS Wamego
1%
1,610 IA Waukon
1%
1,783 MO Webster Groves
1%
1,350 NE Weeping Water
1%
2,138 KS Weir
1%
1,268 IA West Liberty
1%
1,842 NE West Point
1%
1,676 IA West Union
1%
3,246 IA What Cheer
1%
1,170 TX Whitesboro
1%
1,226 NE Wilber
1%
1,535 MO Willow Springs
1%
1,025 TX Wills Point
1%
1,212 IA Wilton
1%
2,281 IA Winterset
1%
2,420 NE Wymore
1%
1,305 KS Yates Center
1%
5,129 OR Albina
0%
4,732 KS Argentine
0%
1,039 IA Chancy
0%
2,141 OK East Guthrie
0%
2,312 NM East Las Vegas
0%
1,107 KS Ellis
0%
1,027 KS Goodland
0%
1,225 OK Hennessey
0%
1,059 NM Isleta
0%
1,100 KS Lincoln Center
0%
2,235 LA McDonoghville
0%
1,075 MT Meaderville
0%
1,280 MT Neihart
0%
1,050 CA New Almaden
0%
2,470 TX Oak Cliff
0%
1,058 MT Philipsburg
0%
1,060 -- Purcell
0%
1,397 NM Ranchos de Taos
0%
2,276 KS Rosedale
0%
1,484 WA Roslyn
0%
2,032 CA Temescal
0%
1,200 -- Vinita
0%
1,743 MT Walkerville
0%
No matching quizzes found
Score Distribution
Percent of People with Each Score
Percentile by Number Answered
Your Score History
You have not taken this quiz